Normal view
MARC view
- CERAMICS CERAMICS MATERIALS PHASE DIAGRAMS
Entry Topical Term
001 - CONTROL NUMBER
- control field: 75420
003 - CONTROL NUMBER IDENTIFIER
- control field: NUST
005 - DATE AND TIME OF LATEST TRANSACTION
- control field: 20210628205416.0
008 - FIXED-LENGTH DATA ELEMENTS
- fixed length control field: 210628|| aca||aabn | a|a d
040 ## - CATALOGING SOURCE
- Original cataloging agency: NUST
- Transcribing agency: NUST
150 ## - HEADING--TOPICAL TERM
- Topical term or geographic name entry element: CERAMICS CERAMICS MATERIALS PHASE DIAGRAMS
670 ## - SOURCE DATA FOUND
- Source citation: Work cat.: (NUST): Mchale, Anna E 75419, Phase diagrams and ceramic processes, 1998
